Obálka Náhled e-knihy:
PDF Epub
Pro půjčování e-knih musíte být přihlášeni.
Jak si půjčit online?

Král chamtivosti /

Volné pokračování eroticko-milostné série americké autorky. Úspěšný a bohatý král Wall Streetu musí bojovat o srdce své ženy, která odmítla být už jen na druhém místě a od svého manžela odešla.

Uloženo v:
Série:Králové hříchu, část 3
Hlavní autor: Huang, Ana (Autor)
Další autoři: Michalcová, Jana, 1987- (Autor)
Médium: E-kniha
Jazyk:Czech
Vydáno: Praha : Baronet, 2025
Vydání:1. vydání
Témata:
Příbuzné jednotky:Z cyklu:: Králové hříchu
Tagy:
Žádné tagy
LEADER 02690nam a2200481 i 4500
001 312831
003 CZ PrSKC
005 20260601215729.0
007 ta
008 251003s2025 xr e 000 f cze
015 |a cnb003711424 
020 |a 9788026926849  |q (vázáno) 
035 |a (OCoLC)1559931921 
040 |a ABG001  |b cze  |e rda 
041 1 |a cze  |h eng 
072 7 |a 821.111(73)-3  |x Americká próza  |2 Konspekt 
080 |a 821.111(73)-31  |2 MRF 
080 |a (0:82-993)  |2 MRF 
080 |a (0:82-312.5)  |2 MRF 
100 1 |a Huang, Ana  |7 xx0274388  |4 aut 
240 1 0 |a King of greed.  |l Česky 
245 1 0 |a Král chamtivosti /  |c Ana Huang ; z anglického originálu King of greede ... přeložila Jana Michalcová 
250 |a 1. vydání 
264 1 |a Praha :  |b Baronet,  |c 2025 
300 |a 334 stran ;  |c 21 cm 
336 |a text  |b txt  |2 rdacontent 
337 |a bez média  |b n  |2 rdamedia 
338 |a svazek  |b nc  |2 rdacarrier 
520 2 |a Volné pokračování eroticko-milostné série americké autorky. Úspěšný a bohatý král Wall Streetu musí bojovat o srdce své ženy, která odmítla být už jen na druhém místě a od svého manžela odešla.  |b Dominic Davenport se z nuly vypracoval na krále Wall Street. Má krásný dům, dokonalou manželku a víc peněz, než dokáže utratit. Ale i přes všechen úspěch nikdy nemá dost. Ve své neúnavné honbě za majetkem ztrácí jedinou ženu, která v něm vidí to dobré. Příliš pozdě pochopí, že peníze nejsou všechno. Alessandra Davenportová vždy stála po boku svého muže. Ale když zjistí, že pro něj bude vždycky na druhém místě, rozhodne se odejít. Nepočítala však s tím, že Dominik o ni bude bojovat... ať to stojí, co to stojí. Nakladatelská anotace. 
655 7 |a americké romány  |7 fd131796  |2 czenas 
655 7 |a erotické romány  |7 fd132211  |2 czenas 
655 7 |a milostné romány  |7 fd132840  |2 czenas 
655 9 |a American fiction  |2 eczenas 
655 9 |a erotic novels  |2 eczenas 
655 9 |a love novels  |2 eczenas 
700 1 |a Michalcová, Jana,  |d 1987-  |7 xx0240599  |4 trl 
787 0 8 |i Z cyklu:  |t Králové hříchu  |g 3 
900 |a ABA001  |b 21 
928 9 |a Albatros Media - Baronet 
044 |a xr 
910 |a RBIT002 
998 |d 422763  |a https://core.palmknihy.cz/api/books/422763/cover?t3g1oq  |b https://core.palmknihy.cz/api/books/422763/cover/400?t3g1oq  |c https://core.palmknihy.cz/api/books/422763/cover/50?t3g1oq  |e 2029-05-06  |g 336  |i 9788026926849  |j https://core.palmknihy.cz/api/books/422763/preview.epub  |k https://core.palmknihy.cz/api/books/422763/preview.pdf  |l   |q 49  |r 1  |s https://www.palmknihy.cz/kniha/422763  |t ebook  |y 2025  |z 0  |v Králové hříchu  |w 3 
999 |d 312829